Central Library OPAC University of Rajshahi

چاند گہن / Chānd gahan / (Record no. 86212)

MARC details
000 -LEADER
fixed length control field 00653nam a22002057a 4500
001 - CONTROL NUMBER
control field 86212
003 - CONTROL NUMBER IDENTIFIER
rucl marc code BD-RjUL
005 - DATE AND TIME OF LATEST TRANSACTION
control field 20260225104228.0
008 - FIXED-LENGTH DATA ELEMENTS--GENERAL INFORMATION
fixed length control field 260225s195? pk ||||| |||| 00| 0 urd d
035 ## - SYSTEM CONTROL NUMBER
System control number (BD-RjUL)86212
040 ## - CATALOGING SOURCE
Original cataloging agency BD-RjUL
Language of cataloging eng
Transcribing agency BD-RjUL
041 ## - LANGUAGE CODE
Language code of text/sound track or separate title urd
082 ## - DEWEY DECIMAL CLASSIFICATION NUMBER
Edition number 23
Classification number 891.4393355
Author mark and year HUC 195?
100 ## - MAIN ENTRY--PERSONAL NAME
Personal name ;; حسىن., انتظار Ḥusain, Intiz̤ār
Dates associated with a name ا1925-2016,
9 (RLIN) 17794
245 ## - TITLE STATEMENT
Title چاند گہن / Chānd gahan /
Statement of responsibility, etc. :انتظار حسىن., Intiz̤ār Ḥusain,
260 ## - PUBLICATION, DISTRIBUTION, ETC. (IMPRINT)
Place of publication, distribution, etc. Lahore :
Name of publisher, distributor, etc. Maktuba i Karwan ,
Date of publication, distribution, etc. 195?
300 ## - PHYSICAL DESCRIPTION
Pagination 263 p. ;
Size 17 cm
650 ## - SUBJECT ADDED ENTRY--TOPICAL TERM
Topical term or geographic name as entry element Urdu novel
Form subdivision (social themes)
9 (RLIN) 17795
942 ## - ADDED ENTRY ELEMENTS (KOHA)
Source of classification or shelving scheme Dewey Decimal Classification
Koha item type Books
Holdings
Lost status Source of classification or shelving scheme Damaged status Not for loan Collection code Permanent Location Current Location Shelving location Date acquired Total Checkouts Full call number Date last seen Copy number Koha item type
  Dewey Decimal Classification   Not For Loan Non-fiction Central Library, University of Rajshahi Central Library, University of Rajshahi Reading Room 25/02/2026   U 891.4393355 HUC 195? 25/02/2026 C-2 Books